مقدمة تهافت الفلاسفة المسماة مقاصد الفلاسفة : (Record no. 7528)
[ view plain ]
| 000 -LEADER | |
|---|---|
| fixed length control field | 00613nac a22001451u 4500 |
| 008 - FIXED-LENGTH DATA ELEMENTS--GENERAL INFORMATION | |
| fixed length control field | 080902s1961 ua||||||r||| 000 0 ra d |
| 082 ## - DEWEY DECIMAL CLASSIFICATION NUMBER | |
| Classification number | 101 |
| Item number | غ ز ا |
| Edition number | 22 |
| 245 ## - TITLE STATEMENT | |
| Title | مقدمة تهافت الفلاسفة المسماة مقاصد الفلاسفة : |
| Remainder of title | منطق. وإلهيات. وطبيعيات / |
| Statement of responsibility, etc | الغزالي، تحقيق سليمان دنيا |
| 260 ## - PUBLICATION, DISTRIBUTION, ETC. (IMPRINT) | |
| Place of publication, distribution, etc | القاهرة : |
| Name of publisher, distributor, etc | دار المعارف، 1961 |
| Date of publication, distribution, etc | 1961. |
| 300 ## - PHYSICAL DESCRIPTION | |
| Extent | 418 ص ; |
| Dimensions | 24 سم . |
| 500 ## - GENERAL NOTE | |
| General note | يحتوي علي فهارس . |
| 511 ## - PARTICIPANT OR PERFORMER NOTE | |
| Participant or performer note | Catalogued by: Sara |
| 541 ## - IMMEDIATE SOURCE OF ACQUISITION NOTE | |
| Source of acquisition | الف باء؛ |
| 942 ## - ADDED ENTRY ELEMENTS (KOHA) | |
| Item type | Book - Borrowing |
| Call number prefix | 101غ ز ا |
| Source of classification or shelving scheme | Dewey Decimal Classification |
| Withdrawn status | Item status | Source of classification or shelving scheme | Damaged status | Not for loan | Vendor | Home library | Current library | Shelving location | Date acquired | Source of acquisition | Total Checkouts | Full call number | Barcode | Date last seen | Koha item type |
|---|---|---|---|---|---|---|---|---|---|---|---|---|---|---|---|
| Dewey Decimal Classification | Alef-Baa | Central Library | Central Library | Lower Floor | 27/01/2008 | 101 غ ز ا | 000009124 | 15/07/2025 | Book - Borrowing |